Detalles MARC
| 000 -CABECERA |
| campo de control de longitud fija |
00942nam a2200265 a 4500 |
| 001 - NÚMERO DE CONTROL |
| campo de control |
000011897 |
| 005 - FECHA Y HORA DE LA ÚLTIMA TRANSACCIÓN |
| campo de control |
20200929162617.0 |
| 008 - DATOS DE LONGITUD FIJA--INFORMACIÓN GENERAL |
| campo de control de longitud fija |
091029s1974 sp ad 000 0 spa d |
| 020 ## - NÚMERO INTERNACIONAL ESTÁNDAR DEL LIBRO |
| Número Internacional Estándar del Libro |
8433900277 |
| 040 ## - FUENTE DE LA CATALOGACIÓN |
| Centro catalogador/agencia de origen |
DO-SdBNP |
| Lengua de catalogación |
spa |
| Centro/agencia transcriptor |
BNPHU |
| 082 ## - NÚMERO DE LA CLASIFICACIÓN DECIMAL DEWEY |
| Número de clasificación |
412 |
| Número de documento/Ítem |
M928c |
| 100 1# - ENTRADA PRINCIPAL--NOMBRE DE PERSONA |
| Nombre de persona |
Mounin, Georges, |
| Fechas asociadas al nombre |
1910-1993 |
| 9 (RLIN) |
28135 |
| 240 10 - TÍTULO UNIFORME |
| Título uniforme |
Clefs pour la sémantique |
| Lenguaje de la obra |
Español |
| 245 10 - MENCIÓN DE TÍTULO |
| Título |
Claves para la semántica / |
| Mención de responsabilidad, etc. |
Georges Mounin ; traductor Carlos Manzano. |
| 260 ## - PUBLICACIÓN, DISTRIBUCIÓN, ETC. |
| Lugar de publicación, distribución, etc. |
Barcelona : |
| Nombre del editor, distribuidor, etc. |
Editorial Anagrama, |
| Fecha de publicación, distribución, etc. |
1974. |
| 300 ## - DESCRIPCIÓN FÍSICA |
| Extensión |
233 p. [6] : |
| Otras características físicas |
il., tablas ; |
| Dimensiones |
20 cm. |
| 490 1# - MENCIÓN DE SERIE |
| Mención de serie |
Argumentos |
| Designación de volumen o secuencia |
27 |
| 500 ## - NOTA GENERAL |
| Nota general |
Notas bibliográfica : p. 232-233. |
| 504 ## - NOTA DE BIBLIOGRAFÍA, ETC. |
| Nota de bibliografía, etc. |
Bibliografía : p. 229-231 |
| 534 ## - NOTA SOBRE LA VERSIÓN ORIGINAL |
| Frase introductoria |
Título original en francés: |
| Mención de título del original |
Clefs pour la sémantique |
| Publicación, distribución, etc. del original |
París : Seghers, 1972 |
| 650 #4 - PUNTO DE ACCESO ADICIONAL DE MATERIA--TÉRMINO DE MATERIA |
| Término de materia o nombre geográfico como elemento de entrada |
Semántica |
| 9 (RLIN) |
27831 |
| 650 #4 - PUNTO DE ACCESO ADICIONAL DE MATERIA--TÉRMINO DE MATERIA |
| Término de materia o nombre geográfico como elemento de entrada |
Semántica |
| Subdivisión general |
Metodología |
| 9 (RLIN) |
28136 |
| 700 1# - PUNTO DE ACCESO ADICIONAL--NOMBRE DE PERSONA |
| Nombre de persona |
Manzano, Carlos, |
| Término indicativo de función/relación |
traductor |
| 9 (RLIN) |
28137 |
| 830 #0 - PUNTO DE ACCESO ADICIONAL DE SERIE-TÍTULO UNIFORME |
| Título uniforme |
Argumentos |
| Número de parte o sección de la obra |
27 |
| 9 (RLIN) |
28138 |